| 000 | 00521nam a22002177a 4500 | ||
|---|---|---|---|
| 999 |
_c7107 _d7107 |
||
| 001 | 7107 | ||
| 003 | BD-JhCC | ||
| 005 | 20180205110335.0 | ||
| 008 | 180205b xxu||||| |||| 00| 0 eng d | ||
| 035 | _a(BD-JhCC)7107 | ||
| 040 |
_aBD-JhCC _dBD-JhCC |
||
| 041 | _aeng | ||
| 082 |
_a823.912 _bCON 1964 |
||
| 100 | _aConrad, Joseph | ||
| 245 |
_aUndr Western Eyes / _cJoseph Conrad |
||
| 260 |
_aLondon : _bPenguin Books, _c1964. |
||
| 300 |
_a316 p.: _c18 cm. |
||
| 650 | _aStories | ||
| 942 |
_2ddc _cBK |
||